Cyclic Compounds by Picture - Statistics

General Stats
  • This quiz has been taken 7 times
  • The average score is 20 of 40
Answer Stats
Picture Answer % Correct
Benzene
100%
Chlorocyclopropane
83%
Cycloheptane
83%
Cyclohexene
83%
Cyclopentane
83%
Cyclopropane
83%
Benzoic acid
67%
Cyclobutane
67%
Cyclopentanone
67%
Phenol
67%
Polystyrene
67%
Sodium benzoate
67%
Toluene
67%
Trinitrotoluene
67%
Aniline
50%
Anthracene
50%
Benzaldehyde
50%
Cumene
50%
Furan
50%
Heme B
50%
Pyridine
50%
Pyrrole
50%
Styrene
50%
Aspirin
33%
Chlorophyll a
33%
Cyclopentadiene
33%
para-Xylene
33%
Phenanthrene
33%
Phenylalanine
33%
Picric acid
33%
Proline
33%
Purine
33%
Pyrimidine
33%
Tryptophan
33%
Tyrosine
33%
Benzamide
17%
Indole
17%
Naphthalene
17%
ortho-Cresol
17%
Phthalic acid
17%
No matching quizzes found
Score Distribution
Percent of People with Each Score
Percentile by Number Answered
Your Score History
You have not taken this quiz